000 00818nam0a22002291 4500
001 v19\rc\1215741
005 20260407012603.0
035 _a(NLR Aleph) 004378806
090 _a3598302
_c3598302
100 _a20060306d1873 |||y0rusy50 ca
101 0 _arus
102 _aRU
105 _aa z |||||
200 1 _aПостанционный тариф на перевозку пассажиров и грузов по Бресто-Граевской железной дороге
210 _a[Санкт-Петербург]
_dценз. 1873
215 _a[2] с., 15 л. табл.
710 0 2 _aБресто-Граевская железная дорога
_3RU\NLR\AUTH\8810000427
_9498016
801 0 _aRU
_bNLR
_gpsbo
801 1 _aRU
_bProSoft-M
_2rusmarc
852 _aNLR
_j18.115.8.44
942 _cBOOK
980 _aNB